All Katy Perry Songs (November 2025) - Statistics

General Stats
  • This quiz has been taken 60 times
    14 since last reset
  • The average score is 42 of 134
Answer Stats
Year Song % Correct
E.T. (feat. Kanye West)
80%
Firework
80%
I Kissed A Girl
80%
2009 I Kissed A Girl - Live At MTV Unplugged, 2009
80%
California Gurls (feat. Snoop Dogg)
70%
Dark Horse (feat. Juicy J)
70%
Hot N Cold
70%
I Kissed A Girl - Rock Remix
70%
2013 Roar
70%
2010 Teenage Dream
70%
2007 Ur So Gay
70%
Ur So Gay - Live At MTV Unplugged, 2009
70%
Ur So Gay - Remix (feat. Junior Sanchez)
70%
Last Friday Night (T.G.I.F.)
60%
Last Friday Night (T.G.I.F.) (feat. Missy Elliott, Dr. Luke, Cirkut, Dream Machine)
60%
Lost - Live At MTV Unplugged, 2009
60%
2012 Part Of Me
60%
Smile
60%
Wide Awake
60%
2017 Witness
60%
ARTIFICIAL (feat. JID)
50%
2025 bandaids
50%
Bon Appétit (feat. Migos)
50%
Chained To The Rhythm (feat. Skip Marley)
50%
CRUSH
50%
E.T.
50%
GORGEOUS (feat. Kim Petras)
50%
I'M HIS, HE'S MINE (feat. Doechii)
50%
LIFETIMES
50%
NIRVANA
50%
2008 One Of The Boys
50%
Peacock
50%
2016 Rise
50%
Swish Swish (feat. Nicki Minaj)
50%
The One That Got Away
50%
The One That Got Away - Acoustic
50%
2011 The One That Got Away (feat. B.o.B)
50%
2024 WOMAN'S WORLD
50%
ALL THE LOVE
40%
Birthday
40%
By The Grace Of God
40%
Circle The Drain
40%
Daisies
40%
GIMME GIMME (feat. 21 Savage)
40%
Harleys In Hawaii
40%
Hey Hey Hey
40%
2019 Never Really Over
40%
NO TEARS FOR NEW YEAR'S
40%
OK
40%
Teary Eyes
40%
This Is How We Do
40%
2014 This Is How We Do (feat. Riff Raff)
40%
Unconditionally
40%
Waking Up In Vegas
40%
Waking Up In Vegas - Live At MTV Unplugged, 2009
40%
365 (with Zedd)
30%
Con Calma - Remix (with Daddy Yankee & Snow)
30%
2020 Cry About It Later
30%
2021 Cry About It Later (feat. Luísa Sonza & Bruno Martini)
30%
Déjà Vu
30%
Electric
30%
Feels (with Calvin Harris, Pharell Williams, Big Sean & Funk Wav)
30%
Legendary Lovers
30%
Not Like The Movies
30%
Only Love
30%
Pearl
30%
Resilient
30%
Resilient (feat. Aitana) [Tiësto Remix]
30%
Tsunami
30%
Tucked
30%
Walking On Air
30%
What Makes A Woman
30%
WONDER
30%
Champagne Problems
20%
Cozy Little Christmas
20%
Double Rainbow
20%
Dressin' Up
20%
HAS A HEART
20%
I'm Still Breathing
20%
Love Me
20%
Mannequin
20%
Mind Maze
20%
Never Worn White
20%
Not the End of the World
20%
Pendulum
20%
Small Talk
20%
Thinking Of You
20%
Thinking Of You - Live At MTV Unplugged, 2009
20%
This Moment
20%
TRUTH
20%
Who Am I Living For?
20%
Who You Love (with John Mayer)
20%
Act My Age
10%
2023 A Cup Of Coffee - Remix / Remastered 2023
10%
All You Need Is Love
10%
Bigger Than Me
10%
Brick By Brick - Live At MTV Unplugged, 2009
10%
Choose Your Battles
10%
Dance With The Devil
10%
Faith Won't Fail
10%
Fingerprints
10%
Ghost
10%
Hackensack - Live At MTV Unplugged, 2009
10%
Hummingbird Heartbeat
10%
If We Ever Meet Again (with Timbaland)
10%
If You Can Afford Me
10%
International Smile
10%
Into Me You See
10%
I Think I'm Ready - Remix / Remastered 2023
10%
It Takes Two
10%
I WOKE UP
10%
Lost
10%
Miss You More
10%
Piercing
10%
Power
10%
Roulette
10%
Save As Draft
10%
Search Me
10%
Self Inflicted
10%
Spiritual
10%
Starstrukk (with 3OH!3 and Matt Squire)
10%
2001 Trust In Me
10%
Use Your Love
10%
2018 Waving Through A Window
10%
Earth (with Lil Dicky, Justin Bieber, Ariana Grande, Halsey, Zac Brown, Brendon Urie, Hailee Steinfeld, Wiz Khalifa, Snoop Dogg, Kevin Hart, Adam Levine, Shawn Mendes, Charlie Puth, Sia, Miley Cyrus, Lil Jon, Rita Ora, Miguel, Lil Yachty, Ed Sheeran, Meghan Trainor, Joel Embiid, Tory Lanez, John Legend, Psy, Bad Bunny, Kris Wu, Backstreet Boys & Leonardo DiCaprio)
0%
Growing Pains
0%
Last Call
0%
My Own Monster
0%
Naturally
0%
Spit
0%
Tommie Sunshine's Megasix Smash-Up (feat. Tommie Sunshine)
0%
When I'm Gone (with Alesso)
0%
When There's Nothing Left
0%
2022 Where We Started (with Thomas Rhett)
0%
No matching quizzes found
Score Distribution
Percent of People with Each Score
Percentile by Number Answered
Your Score History
You have not taken this quiz since the last reset